| 000 | 00637 a2200217 4500 | ||
|---|---|---|---|
| 001 | 200045121 | ||
| 999 |
_c200045121 _d33407 |
||
| 003 | TR-AnTOB | ||
| 005 | 20241129155055.0 | ||
| 008 | 120824b tu 000 0 | ||
| 040 | _aTR-AnTOB | ||
| 041 | _atur | ||
| 050 | 0 | 0 |
_aDR592.T86 _bM48 |
| 090 | _aDR592.T86 M48 | ||
| 245 | 0 | 0 |
_aMeşrutiyetten Cumhuriyet'e Tunalı Hilmi Bey / _cKoleksiyoncular Derneği. |
| 264 | 1 |
_aAnkara: _bKoleksiyoncular Derneği, _c[date of publication not identified] |
|
| 300 |
_a31 p . : _bill.; _c19 cm |
||
| 504 | _aIncludes bibliographical references. | ||
| 600 | 0 |
_aTunalı Hilmi, _d1871-1928 _983105 |
|
| 942 | _cBK | ||